[Event "Karposh Open  2012"]
[Site "Skopje MKD"]
[Date "2012.04.09"]
[Round "4.68"]
[White "Nikolov, Kole"]
[Black "Arizanov, Tome"]
[Result "0-1"]
[WhiteElo "1715"]
[BlackElo "2108"]
[PlyCount "70"]
[EventDate "2012.04.07"]
[EventType "swiss"]
[EventRounds "9"]
[Source "lmi"]
[SourceDate "2012.04.07"]

1. e4 g6 2. d4 Bg7 3. Nf3 d6 4. Bc4 Nf6 5. Nc3 O-O 6. a3 c6 7. O-O b5 8. Ba2
Na6 9. Bg5 Ne8 10. Qd2 Nac7 11. Bh6 a5 12. Ne2 Bg4 13. Bxg7 Kxg7 14. Ne1 Bd7
15. f4 f5 16. e5 d5 17. Rd1 Ne6 18. c3 Qb6 19. Kh1 b4 20. Nf3 N8c7 21. c4 Rfb8
22. c5 Qb5 23. Ng3 bxa3 24. bxa3 Qb2 25. Rb1 Qxd2 26. Nxd2 Nxd4 27. h4 Nce6 28.
h5 Nxc5 29. Rbc1 Rb2 30. Bxd5 Nd3 31. Rc4 Rxd2 32. Rxd4 Nf2+ 33. Rxf2 Rxd4 34.
e6 Rxd5 35. exd7 Rxd7 0-1

[Event "Karposh Open  2012"]
[Site "Skopje MKD"]
[Date "2012.04.09"]
[Round "4.69"]
[White "Lakinska, Simona"]
[Black "Stojkovska, Monika"]
[Result "0-1"]
[WhiteElo "1690"]
[BlackElo "1936"]
[PlyCount "52"]
[EventDate "2012.04.07"]
[EventType "swiss"]
[EventRounds "9"]
[Source "lmi"]
[SourceDate "2012.04.07"]

1. e4 c5 2. Nc3 Nc6 3. f4 g6 4. Nf3 Bg7 5. Bc4 e6 6. O-O Nge7 7. d3 d5 8. Bb5
O-O 9. Bxc6 Nxc6 10. Kh1 b6 11. Qe1 Nd4 12. Nxd4 cxd4 13. Ne2 dxe4 14. dxe4 Ba6
15. Rf2 Qc7 16. Qd1 Rfd8 17. Ng3 d3 18. c3 h5 19. h3 Rd7 20. Be3 Rad8 21. Rd2
Bh6 22. Qf3 Bb7 23. Rf1 h4 24. Nh5 gxh5 25. Qxh5 Bg7 26. Qxh4 Bxe4 0-1

[Event "Karposh Open  2012"]
[Site "Skopje MKD"]
[Date "2012.04.09"]
[Round "4.71"]
[White "Chan, Naruna"]
[Black "Irakleidis, Christos"]
[Result "1-0"]
[WhiteElo "1835"]
[BlackElo "1523"]
[PlyCount "33"]
[EventDate "2012.04.07"]
[EventType "swiss"]
[EventRounds "9"]
[Source "lmi"]
[SourceDate "2012.04.07"]

1. d4 e6 2. e4 d5 3. Nd2 Nf6 4. e5 Nfd7 5. f4 c5 6. Ngf3 f6 7. Be2 fxe5 8. fxe5
Be7 9. O-O O-O 10. c3 a5 11. a4 b6 12. Qc2 Ba6 13. Bxa6 Rxa6 14. Qb3 Ra8 15.
Rd1 Qe8 16. Nf1 Ra7 17. Qc2 1-0

[Event "Karposh Open  2012"]
[Site "Skopje MKD"]
[Date "2012.04.10"]
[Round "5.2"]
[White "Berkes, Ferenc"]
[Black "Chatalbashev, Boris"]
[Result "1-0"]
[WhiteElo "2682"]
[BlackElo "2570"]
[PlyCount "106"]
[EventDate "2012.04.07"]
[EventType "swiss"]
[EventRounds "9"]
[Source "lmi"]
[SourceDate "2012.04.07"]

1. Nf3 g6 2. g3 Bg7 3. d4 c5 4. c3 Nf6 5. Bg2 O-O 6. O-O d6 7. dxc5 dxc5 8. Ne5
Nbd7 9. Nc4 Nb6 10. Qxd8 Rxd8 11. Na5 Nfd5 12. Rd1 Rd6 13. Bg5 f6 14. Bd2 Rb8
15. Na3 Bg4 16. f3 Bd7 17. e4 Nc7 18. Be3 Ne6 19. f4 Na4 20. e5 fxe5 21. fxe5
Rxd1+ 22. Rxd1 Bc8 23. Nb5 Nxb2 24. Rd2 Na4 25. Nxa7 Bxe5 26. Bd5 Nxc3 27. Bb3
Kg7 28. Nxc8 Nd4 29. Nb6 Nf3+ 30. Kg2 Nxd2 31. Bxd2 Rd8 32. Be1 Bf6 33. Nxb7
Rb8 34. Bxc3 Bxc3 35. Bd5 Bd4 36. a4 g5 37. g4 Rf8 38. Bf3 Rf6 39. Nc4 Re6 40.
a5 Re1 41. a6 Ra1 42. Nba5 Ra2+ 43. Kh3 Be5 44. Nxe5 Rxa5 45. Bb7 h5 46. gxh5
Kh6 47. Kg3 Kxh5 48. Nc6 Ra3+ 49. Kf2 c4 50. a7 c3 51. Ke2 Kg4 52. a8=Q Rxa8
53. Bxa8 Kf4 1-0

[Event "Karposh Open  2012"]
[Site "Skopje MKD"]
[Date "2012.04.10"]
[Round "5.3"]
[White "Berescu, Alin-Mile"]
[Black "Solak, Dragan"]
[Result "1-0"]
[WhiteElo "2494"]
[BlackElo "2602"]
[PlyCount "81"]
[EventDate "2012.04.07"]
[EventType "swiss"]
[EventRounds "9"]
[Source "lmi"]
[SourceDate "2012.04.07"]

1. c4 g6 2. g3 Bg7 3. Bg2 c5 4. Nc3 Nc6 5. Nf3 d6 6. a3 e5 7. O-O Nge7 8. b4 e4
9. Ng5 h6 10. Nh3 g5 11. Rb1 Bxc3 12. dxc3 Bf5 13. Rb2 cxb4 14. cxb4 Qd7 15.
Rd2 Rd8 16. b5 Na5 17. Qa4 b6 18. Rfd1 Qe6 19. Bb2 Rg8 20. Rd4 Bxh3 21. Rxe4
Qg6 22. Rxe7+ Kxe7 23. Bxh3 Qe4 24. Qb4 Qxc4 25. Rc1 Qxb4 26. axb4 g4 27. Bg2
Nb3 28. Rc3 Nd2 29. Bc1 Nb1 30. Re3+ Kf6 31. Bc6 Rc8 32. Rb3 Rge8 33. Kf1 Re4
34. Rxb1 Rc4 35. Bxh6 Rh8 36. Bf4 Rxh2 37. Bxd6 Ke6 38. Kg1 Rh5 39. Bf4 a6 40.
e4 axb5 41. Bd5+ 1-0

[Event "Karposh Open  2012"]
[Site "Skopje MKD"]
[Date "2012.04.10"]
[Round "5.4"]
[White "Palac, Mladen"]
[Black "Nestorovic, Nikola"]
[Result "1/2-1/2"]
[WhiteElo "2593"]
[BlackElo "2462"]
[PlyCount "57"]
[EventDate "2012.04.07"]
[EventType "swiss"]
[EventRounds "9"]
[Source "lmi"]
[SourceDate "2012.04.07"]

1. e4 e5 2. Nf3 Nc6 3. Bb5 Nf6 4. O-O Nxe4 5. d4 Nd6 6. Bxc6 dxc6 7. dxe5 Nf5
8. Qxd8+ Kxd8 9. Rd1+ Ke8 10. Nc3 Be6 11. Ng5 Bc4 12. b3 Bb4 13. bxc4 Bxc3 14.
Rb1 b6 15. Bf4 Nd4 16. Kf1 h6 17. Ne4 Ne6 18. Bg3 Bd4 19. f4 Rd8 20. f5 Ng5 21.
Nxg5 hxg5 22. e6 fxe6 23. Bxc7 Rd7 24. fxe6 Rxc7 25. Rxd4 Rxh2 26. Kg1 Rh6 27.
c5 bxc5 28. Rg4 Rxe6 29. Rxg5 1/2-1/2

[Event "Karposh Open  2012"]
[Site "Skopje MKD"]
[Date "2012.04.10"]
[Round "5.5"]
[White "Ivanisevic, Ivan"]
[Black "Pacher, Milan"]
[Result "1-0"]
[WhiteElo "2645"]
[BlackElo "2402"]
[PlyCount "75"]
[EventDate "2012.04.07"]
[EventType "swiss"]
[EventRounds "9"]
[Source "lmi"]
[SourceDate "2012.04.07"]

1. g3 e5 2. Bg2 Nf6 3. d3 d5 4. Nf3 Nc6 5. O-O Be7 6. a3 a5 7. b3 O-O 8. Bb2
Bd6 9. Nbd2 h6 10. e4 dxe4 11. dxe4 Qe7 12. Nc4 Nxe4 13. Qe1 f5 14. Rd1 a4 15.
Nh4 Qf7 16. Nxf5 Bxf5 17. Bxe4 Bxe4 18. Qxe4 axb3 19. cxb3 Qf3 20. Qd5+ Qxd5
21. Rxd5 Rf3 22. b4 Rb3 23. Rfd1 Kf7 24. Kg2 Ke6 25. Nxd6 Rxb2 26. Nb5 Rc8 27.
Rd7 Nd4 28. Rxc7 Rxc7 29. Nxc7+ Kf5 30. Ne8 Ra2 31. Re1 g5 32. Nd6+ Ke6 33. Nc4
Kd5 34. Ne3+ Ke6 35. Ng4 Rxa3 36. Rxe5+ Kd6 37. Re8 h5 38. Rd8+ 1-0

[Event "Karposh Open  2012"]
[Site "Skopje MKD"]
[Date "2012.04.10"]
[Round "5.6"]
[White "Drenchev, Petar"]
[Black "Mastrovasilis, Dimitrios"]
[Result "1/2-1/2"]
[WhiteElo "2499"]
[BlackElo "2631"]
[PlyCount "49"]
[EventDate "2012.04.07"]
[EventType "swiss"]
[EventRounds "9"]
[Source "lmi"]
[SourceDate "2012.04.07"]

1. d4 d5 2. c4 e6 3. Nf3 Nf6 4. g3 Bb4+ 5. Bd2 Be7 6. Bg2 O-O 7. O-O c6 8. Qc2
b6 9. Bf4 Bb7 10. Rd1 Nbd7 11. Nc3 dxc4 12. Nd2 Nd5 13. Nxc4 Nxf4 14. gxf4 Qc7
15. e3 Rad8 16. Rac1 c5 17. d5 exd5 18. Nxd5 Bxd5 19. Rxd5 b5 20. Ne5 Nxe5 21.
Rxe5 Bd6 22. Rd5 Be7 23. Re5 Bd6 24. Rd5 Be7 25. Re5 1/2-1/2

[Event "Karposh Open  2012"]
[Site "Skopje MKD"]
[Date "2012.04.10"]
[Round "5.7"]
[White "Markus, Robert"]
[Black "Saric, Sinisa"]
[Result "1-0"]
[WhiteElo "2625"]
[BlackElo "2480"]
[PlyCount "141"]
[EventDate "2012.04.07"]
[EventType "swiss"]
[EventRounds "9"]
[Source "lmi"]
[SourceDate "2012.04.07"]

1. d4 Nf6 2. c4 g6 3. g3 Bg7 4. Bg2 O-O 5. Nc3 c5 6. d5 d6 7. Nf3 Na6 8. O-O
Nc7 9. a4 Rb8 10. e4 Bg4 11. h3 Bxf3 12. Bxf3 Nd7 13. Be2 a6 14. Bg5 h6 15. Be3
e6 16. dxe6 Nxe6 17. Qxd6 Nd4 18. Rad1 h5 19. f4 Qe8 20. Bd3 Rd8 21. Nd5 Ne5
22. Qxc5 Nxd3 23. Rxd3 Ne2+ 24. Kf2 Nxg3 25. Kxg3 Qxe4 26. Rfd1 Kh7 27. Bd4 h4+
28. Kf2 Rc8 29. Qe7 Qxe7 30. Nxe7 Rxc4 31. Bxg7 Kxg7 32. Rd4 Rc2+ 33. R1d2 Rc1
34. Nd5 Re8 35. Rd1 Rc2+ 36. R4d2 Rc4 37. b3 Rce4 38. Kf3 f6 39. Rd3 R8e6 40.
Re3 Rxe3+ 41. Nxe3 Rb6 42. Rd3 Kh6 43. Kg4 Rb4 44. Nd5 f5+ 45. Kxh4 Re4 46. Kg3
Re1 47. Nf6 Re6 48. Nd7 Kh5 49. Ne5 Rb6 50. Nf3 Kh6 51. Re3 Rb4 52. Ng5 Kg7 53.
Ne6+ Kh6 54. Rd3 Rb6 55. Nc5 Rb4 56. Kf3 a5 57. Rc3 Rb6 58. Nd7 Rb4 59. Ne5 Kh5
60. Kg3 Kh6 61. Nc4 b5 62. Nxa5 bxa4 63. Rc4 Rb5 64. Rxa4 Rd5 65. Ra2 Kh5 66.
b4 Rd3+ 67. Kg2 Kh4 68. b5 Rg3+ 69. Kf1 Rf3+ 70. Ke1 Rxh3 71. Rb2 1-0

[Event "Karposh Open  2012"]
[Site "Skopje MKD"]
[Date "2012.04.10"]
[Round "5.9"]
[White "Kozul, Zdenko"]
[Black "Arnaudov, G  Petar"]
[Result "1-0"]
[WhiteElo "2602"]
[BlackElo "2476"]
[PlyCount "119"]
[EventDate "2012.04.07"]
[EventType "swiss"]
[EventRounds "9"]
[Source "lmi"]
[SourceDate "2012.04.07"]

1. d4 Nf6 2. c4 e6 3. Nf3 d5 4. Nc3 Be7 5. Bg5 O-O 6. e3 h6 7. Bxf6 Bxf6 8. Rc1
c5 9. dxc5 Na6 10. cxd5 Nxc5 11. Be2 Bxc3+ 12. Rxc3 Ne4 13. Ra3 exd5 14. O-O
Qf6 15. Qd4 Bg4 16. Qxf6 Nxf6 17. h3 Bxf3 18. Bxf3 Rfc8 19. Rd1 Rc5 20. Rad3
Rac8 21. Bxd5 Nxd5 22. Rxd5 Rxd5 23. Rxd5 Rc1+ 24. Kh2 Rc2 25. Rb5 Rxf2 26.
Rxb7 Re2 27. Rb3 a5 28. Kg3 a4 29. Rb8+ Kh7 30. Kf3 Rc2 31. a3 g5 32. e4 h5 33.
Rb5 f6 34. g4 h4 35. e5 fxe5 36. Ke4 Rh2 37. Kf5 Rxh3 38. Kxg5 Rh2 39. Rb4 Kg7
40. Rxa4 Rxb2 41. Kxh4 Rb3 42. Kg5 e4 43. Ra7+ Kg8 44. Kf4 e3 45. Kf3 Kf8 46.
Ke2 Rc3 47. g5 Kg8 48. a4 Ra3 49. a5 Kf8 50. a6 Kg8 51. g6 Ra1 52. Kxe3 Re1+
53. Kf4 Rf1+ 54. Ke5 Re1+ 55. Kd5 Rd1+ 56. Kc6 Rc1+ 57. Kb6 Rb1+ 58. Kc7 Rc1+
59. Kb8 Ra1 60. Ra8 1-0

[Event "Karposh Open  2012"]
[Site "Skopje MKD"]
[Date "2012.04.10"]
[Round "5.11"]
[White "Yemelin, Vasily"]
[Black "Vojinovic, Goran"]
[Result "1/2-1/2"]
[WhiteElo "2567"]
[BlackElo "2429"]
[PlyCount "42"]
[EventDate "2012.04.07"]
[EventType "swiss"]
[EventRounds "9"]
[Source "lmi"]
[SourceDate "2012.04.07"]

1. e4 e6 2. d4 d5 3. Nd2 Nf6 4. e5 Nfd7 5. f4 c5 6. Ngf3 Nc6 7. Nb3 a5 8. a4
Qb6 9. c3 cxd4 10. Nbxd4 Nc5 11. Bb5 Ne4 12. Be3 Bc5 13. Qc2 Bd7 14. Bd3 Rc8
15. O-O O-O 16. Kh1 h6 17. Bg1 Ne7 18. Nd2 Nf5 19. N2b3 Bxd4 20. Nxd4 Nxd4 21.
Bxd4 Qc6 1/2-1/2

[Event "Karposh Open  2012"]
[Site "Skopje MKD"]
[Date "2012.04.10"]
[Round "5.12"]
[White "Todorovic, Goran M"]
[Black "Nevednichy, Vladislav"]
[Result "1/2-1/2"]
[WhiteElo "2499"]
[BlackElo "2562"]
[PlyCount "31"]
[EventDate "2012.04.07"]
[EventType "swiss"]
[EventRounds "9"]
[Source "lmi"]
[SourceDate "2012.04.07"]

1. e4 c5 2. Nf3 d6 3. d4 cxd4 4. Nxd4 Nf6 5. Nc3 Nc6 6. Bc4 Qb6 7. Nde2 e6 8.
a3 Be7 9. Ba2 Bd7 10. O-O Rc8 11. Be3 Qc7 12. h3 Ne5 13. Nd4 a6 14. f4 Nc4 15.
Bxc4 Qxc4 16. Qf3 1/2-1/2

[Event "Karposh Open  2012"]
[Site "Skopje MKD"]
[Date "2012.04.10"]
[Round "5.13"]
[White "Hera, Imre Jr"]
[Black "D`costa, Lorin A R"]
[Result "1-0"]
[WhiteElo "2555"]
[BlackElo "2420"]
[PlyCount "101"]
[EventDate "2012.04.07"]
[EventType "swiss"]
[EventRounds "9"]
[Source "lmi"]
[SourceDate "2012.04.07"]

1. Nf3 c5 2. c4 Nc6 3. Nc3 e5 4. g3 g6 5. Bg2 Bg7 6. O-O Nge7 7. a3 a5 8. Ne1
O-O 9. d3 d6 10. Nc2 Be6 11. Ne3 Rb8 12. Ned5 h6 13. Rb1 Kh7 14. Bd2 f5 15. b4
axb4 16. axb4 Nxb4 17. Nxb4 cxb4 18. Rxb4 d5 19. cxd5 Nxd5 20. Nxd5 Bxd5 21.
Bxd5 Qxd5 22. Qb3 Rfd8 23. Rb1 Qxb3 24. R1xb3 Rd7 25. h4 e4 26. Bf4 exd3 27.
Rxd3 Rbd8 28. Rxb7 Rxb7 29. Rxd8 Re7 30. Kf1 Bf6 31. Rd5 g5 32. Bd2 Kg6 33. Rd6
Kf7 34. h5 Rc7 35. Be3 Ke7 36. Ra6 Kf7 37. f3 Bg7 38. Kf2 Bf6 39. Ra7 Rxa7 40.
Bxa7 Ke6 41. e4 Be7 42. g4 fxe4 43. fxe4 Bf6 44. Ke3 Bg7 45. Bd4 Bf8 46. Kd3
Kd6 47. Kc4 Ke6 48. Bc3 Be7 49. Bg7 Kf7 50. Bxh6 Kg8 51. Kd5 1-0

[Event "Karposh Open  2012"]
[Site "Skopje MKD"]
[Date "2012.04.10"]
[Round "5.14"]
[White "Bogdanovski, Vlatko"]
[Black "Drazic, Sinisa"]
[Result "0-1"]
[WhiteElo "2435"]
[BlackElo "2536"]
[PlyCount "34"]
[EventDate "2012.04.07"]
[EventType "swiss"]
[EventRounds "9"]
[Source "lmi"]
[SourceDate "2012.04.07"]

1. Nf3 b5 2. c3 c5 3. d4 e6 4. e4 cxd4 5. cxd4 b4 6. Bg5 Be7 7. Bxe7 Nxe7 8.
Nbd2 a5 9. Bd3 Ba6 10. Bxa6 Nxa6 11. O-O O-O 12. Qa4 Nb8 13. Ne5 d6 14. Nec4
Qc7 15. Ne3 Nbc6 16. d5 Nd4 17. Ndc4 Ng6 0-1

[Event "Karposh Open  2012"]
[Site "Skopje MKD"]
[Date "2012.04.10"]
[Round "5.16"]
[White "Nikolova, Adriana"]
[Black "Blagojevic, Dragisa"]
[Result "1-0"]
[WhiteElo "2293"]
[BlackElo "2523"]
[PlyCount "58"]
[EventDate "2012.04.07"]
[EventType "swiss"]
[EventRounds "9"]
[Source "lmi"]
[SourceDate "2012.04.07"]

1. e4 e5 2. Nf3 Nc6 3. Nc3 Nf6 4. Bb5 Bb4 5. O-O O-O 6. d3 d6 7. Bg5 Bxc3 8.
bxc3 Bd7 9. Rb1 h6 10. Bh4 a6 11. Ba4 b5 12. Bb3 Qe7 13. Re1 Rad8 14. d4 Kh7
15. a4 Na5 16. axb5 Nxb3 17. cxb3 axb5 18. Qc2 Bg4 19. Re3 g5 20. Bg3 Bxf3 21.
Rxf3 Kg7 22. Re1 Rfe8 23. Rf5 Nd7 24. Re3 f6 25. h4 c6 26. Qd1 Nf8 27. Qg4 Ng6
28. h5 Nf8 29. f4 exf4 1-0

[Event "Karposh Open  2012"]
[Site "Skopje MKD"]
[Date "2012.04.10"]
[Round "5.18"]
[White "Antic, Dejan"]
[Black "Dancevski, Orce"]
[Result "1/2-1/2"]
[WhiteElo "2513"]
[BlackElo "2380"]
[PlyCount "64"]
[EventDate "2012.04.07"]
[EventType "swiss"]
[EventRounds "9"]
[Source "lmi"]
[SourceDate "2012.04.07"]

1. d4 Nf6 2. c4 e6 3. Nf3 d5 4. Nc3 Be7 5. Bg5 O-O 6. e3 a6 7. Qc2 Nbd7 8. cxd5
exd5 9. Bd3 Re8 10. O-O Nf8 11. h3 c6 12. Rab1 Nh5 13. Bxe7 Qxe7 14. b4 Ng6 15.
Rfe1 Qf6 16. Nh2 Qg5 17. g4 Nf6 18. f4 Qh4 19. Kg2 Bxg4 20. hxg4 Nxf4+ 21. exf4
Rxe1 22. Rxe1 Qxe1 23. Nf3 Qe3 24. g5 Nh5 25. Ne2 Nxf4+ 26. Nxf4 Qxf4 27. Bxh7+
Kh8 28. Bd3 Re8 29. g6 Re3 30. Qd1 fxg6 31. Qh1+ Qh6 32. Qf1 Kg8 1/2-1/2

[Event "Karposh Open  2012"]
[Site "Skopje MKD"]
[Date "2012.04.10"]
[Round "5.19"]
[White "Arat, Ufuk Sezen"]
[Black "Djukic, Nikola"]
[Result "0-1"]
[WhiteElo "2089"]
[BlackElo "2513"]
[PlyCount "70"]
[EventDate "2012.04.07"]
[EventType "swiss"]
[EventRounds "9"]
[Source "lmi"]
[SourceDate "2012.04.07"]

1. e4 c5 2. Nc3 Nc6 3. g3 g6 4. Bg2 Bg7 5. d3 d6 6. Be3 Rb8 7. Qd2 b5 8. Nge2
b4 9. Nd1 Nd4 10. O-O Nxe2+ 11. Qxe2 Nf6 12. h3 O-O 13. Qd2 a5 14. Bh6 d5 15.
Bxg7 Kxg7 16. e5 Nd7 17. f4 d4 18. Nf2 Nb6 19. Ne4 Qc7 20. Rae1 Nd5 21. g4 Ne3
22. Rxe3 dxe3 23. Qxe3 Rb5 24. Ng3 f5 25. exf6+ exf6 26. Bd5 Qd6 27. Bc4 Rb7
28. Re1 Qd4 29. Qxd4 cxd4 30. f5 Rd8 31. h4 Rc7 32. Kf2 Bb7 33. Ne2 Re7 34. Rd1
gxf5 35. gxf5 Re3 0-1

[Event "Karposh Open  2012"]
[Site "Skopje MKD"]
[Date "2012.04.10"]
[Round "5.20"]
[White "Damljanovic, Branko"]
[Black "Vachev, Vladimir"]
[Result "1-0"]
[WhiteElo "2582"]
[BlackElo "2152"]
[PlyCount "85"]
[EventDate "2012.04.07"]
[EventType "swiss"]
[EventRounds "9"]
[Source "lmi"]
[SourceDate "2012.04.07"]

1. c4 e5 2. g3 Nf6 3. Bg2 Nc6 4. Nc3 Bc5 5. e3 O-O 6. a3 a5 7. Nge2 Re8 8. O-O
d6 9. d4 Bb6 10. h3 Bd7 11. b3 Qc8 12. Kh2 h6 13. Bb2 Bf5 14. Nd5 Nxd5 15. cxd5
Nb8 16. dxe5 dxe5 17. Rc1 Qd8 18. e4 Bg6 19. f4 f6 20. fxe5 fxe5 21. Nc3 Bd4
22. Na4 Bxb2 23. Nxb2 Na6 24. Qe1 Qe7 25. Nc4 Nc5 26. Qe3 Nd7 27. Qc3 b6 28.
Rfd1 Rac8 29. b4 axb4 30. axb4 Rf8 31. Rd2 Kh8 32. Ra1 Ra8 33. Rad1 Rf6 34. Ne3
Ra7 35. Nc4 Kg8 36. Na3 Qf8 37. Nb5 Ra4 38. Rb1 Rf2 39. Rxf2 Qxf2 40. Rb2 Qf7
41. Qxc7 Ra1 42. Nd6 Qe7 43. h4 1-0

[Event "Karposh Open  2012"]
[Site "Skopje MKD"]
[Date "2012.04.10"]
[Round "5.22"]
[White "Mastrovasilis, Athanasios"]
[Black "Veleski, Robert"]
[Result "1-0"]
[WhiteElo "2510"]
[BlackElo "2267"]
[PlyCount "117"]
[EventDate "2012.04.07"]
[EventType "swiss"]
[EventRounds "9"]
[Source "lmi"]
[SourceDate "2012.04.07"]

1. d4 Nf6 2. c4 e6 3. Nc3 Bb4 4. e3 O-O 5. Bd3 d5 6. Nf3 c5 7. O-O cxd4 8. exd4
dxc4 9. Bxc4 Nbd7 10. Bg5 Nb6 11. Bb3 Be7 12. Re1 Nfd5 13. Bd2 Nxc3 14. bxc3
Bd7 15. a4 Rc8 16. Ne5 Bf6 17. a5 Nd5 18. c4 Bxe5 19. Rxe5 Ne7 20. Bc3 Ng6 21.
Re3 Re8 22. Qf3 Qg5 23. Rae1 Nh4 24. Qh3 Nf5 25. Re5 Qh4 26. Qd3 Qd8 27. d5 Ne7
28. R5e3 exd5 29. cxd5 Nf5 30. Rxe8+ Bxe8 31. Bc2 Bd7 32. Bb1 Qc7 33. Bd2 g6
34. g4 Nd6 35. h3 Qc4 36. Qf3 Re8 37. Rc1 Qe2 38. Qxe2 Rxe2 39. Bf4 Ne8 40. Be3
a6 41. Kg2 Rb2 42. Bb6 Rd2 43. Be4 Kg7 44. Bf3 h5 45. gxh5 gxh5 46. Re1 Nf6 47.
Re5 Kg6 48. Be3 Ra2 49. Rg5+ Kh7 50. Bd4 Ne8 51. Bxh5 f6 52. Bg6+ Kh8 53. Rh5+
Kg8 54. Rh7 Bb5 55. Re7 Rxa5 56. Bb6 Ra1 57. Bxe8 Kf8 58. Bc5 Rc1 59. Bd6 1-0

[Event "Karposh Open  2012"]
[Site "Skopje MKD"]
[Date "2012.04.10"]
[Round "5.23"]
[White "Likavsky, Tomas"]
[Black "Dimitrijevic, Radmilo"]
[Result "1-0"]
[WhiteElo "2486"]
[BlackElo "2240"]
[PlyCount "35"]
[EventDate "2012.04.07"]
[EventType "swiss"]
[EventRounds "9"]
[Source "lmi"]
[SourceDate "2012.04.07"]

1. d4 d5 2. c4 dxc4 3. Nf3 Nf6 4. Nc3 a6 5. a4 e6 6. e4 Bb4 7. Bxc4 Nxe4 8. O-O
Nf6 9. Bg5 Be7 10. d5 O-O 11. dxe6 Bxe6 12. Bxe6 Qxd1 13. Bxf7+ Rxf7 14. Raxd1
Nc6 15. Bf4 Bc5 16. Ng5 Re7 17. Rfe1 Rxe1+ 18. Rxe1 1-0

[Event "Karposh Open  2012"]
[Site "Skopje MKD"]
[Date "2012.04.10"]
[Round "5.24"]
[White "Georgievski, Vanco"]
[Black "Potapov, Pavel"]
[Result "0-1"]
[WhiteElo "2273"]
[BlackElo "2473"]
[PlyCount "58"]
[EventDate "2012.04.07"]
[EventType "swiss"]
[EventRounds "9"]
[Source "lmi"]
[SourceDate "2012.04.07"]

1. d4 f5 2. f4 Nf6 3. Nf3 b6 4. e3 Bb7 5. Bc4 e6 6. O-O a6 7. a4 c5 8. b3 Be7
9. Ba3 O-O 10. c3 Be4 11. Nfd2 Bc6 12. Qe2 d5 13. Bd3 Be8 14. a5 bxa5 15. Bxc5
Bxc5 16. dxc5 Qc7 17. b4 axb4 18. cxb4 Nc6 19. b5 Bh5 20. Nf3 axb5 21. Rxa8
Rxa8 22. Bxb5 Nb4 23. Rc1 Ra2 24. Qe1 Nc2 25. Qc3 Ne4 26. Qb3 Qxc5 27. Nd4 Nxd4
28. Rxc5 Nxb3 29. Rc8+ Kf7 0-1

[Event "Karposh Open  2012"]
[Site "Skopje MKD"]
[Date "2012.04.10"]
[Round "5.25"]
[White "Pancevski, Filip"]
[Black "Vlashki, Nino"]
[Result "1-0"]
[WhiteElo "2470"]
[BlackElo "2258"]
[PlyCount "81"]
[EventDate "2012.04.07"]
[EventType "swiss"]
[EventRounds "9"]
[Source "lmi"]
[SourceDate "2012.04.07"]

1. e4 e6 2. d4 d5 3. Nc3 Bb4 4. e5 c5 5. a3 Bxc3+ 6. bxc3 Qa5 7. Bd2 Qa4 8. Qb1
c4 9. Nh3 f6 10. Be2 fxe5 11. dxe5 Nc6 12. f4 Bd7 13. Ng5 Nh6 14. Bh5+ g6 15.
Be2 O-O-O 16. O-O Rdf8 17. Qb2 Nf7 18. Nf3 h6 19. Be3 b6 20. Nd4 g5 21. Bg4
Nxd4 22. cxd4 h5 23. fxg5 hxg4 24. g6 Nd8 25. g7 Rxf1+ 26. Rxf1 Rg8 27. Bh6 Be8
28. Rf8 Bf7 29. Kf2 b5 30. Kg3 a5 31. Qc1 b4 32. Qg5 Qd7 33. axb4 axb4 34. Qf6
Kb7 35. Bc1 Kc6 36. h4 gxh3 37. gxh3 b3 38. c3 b2 39. Bxb2 Qb7 40. Qxd8 Rxg7+
41. Kf4 1-0

[Event "Karposh Open  2012"]
[Site "Skopje MKD"]
[Date "2012.04.10"]
[Round "5.26"]
[White "Erturan, Yakup"]
[Black "Vukovic, Ivo"]
[Result "1/2-1/2"]
[WhiteElo "2370"]
[BlackElo "2229"]
[PlyCount "33"]
[EventDate "2012.04.07"]
[EventType "swiss"]
[EventRounds "9"]
[Source "lmi"]
[SourceDate "2012.04.07"]

1. e4 e5 2. Nf3 Nc6 3. d4 exd4 4. Nxd4 d6 5. Bb5 Bd7 6. Nc3 Nf6 7. O-O Be7 8.
Bxc6 bxc6 9. Qf3 c5 10. Nf5 Bxf5 11. Qxf5 O-O 12. Bg5 Rb8 13. b3 h6 14. Bf4 Qd7
15. Bg3 Rfe8 16. Rad1 Rbd8 17. Bh4 1/2-1/2

[Event "Karposh Open  2012"]
[Site "Skopje MKD"]
[Date "2012.04.10"]
[Round "5.27"]
[White "Emiroglu, Cankut"]
[Black "Kantorik, Marian"]
[Result "1/2-1/2"]
[WhiteElo "2214"]
[BlackElo "2323"]
[PlyCount "46"]
[EventDate "2012.04.07"]
[EventType "swiss"]
[EventRounds "9"]
[Source "lmi"]
[SourceDate "2012.04.07"]

1. e4 Nf6 2. e5 Nd5 3. d4 d6 4. c4 Nb6 5. exd6 exd6 6. Nc3 Be7 7. h3 O-O 8. Nf3
Bf5 9. Be2 Nc6 10. d5 Ne5 11. Nxe5 dxe5 12. Be3 Nd7 13. O-O Re8 14. a3 a5 15.
Bd3 Bxd3 16. Qxd3 Bc5 17. Nb5 e4 18. Qd2 c6 19. dxc6 bxc6 20. Rad1 Bxe3 21.
Qxd7 Bxf2+ 22. Rxf2 Qxd7 23. Rxd7 e3 1/2-1/2

[Event "Karposh Open  2012"]
[Site "Skopje MKD"]
[Date "2012.04.10"]
[Round "5.28"]
[White "Kastelic, Marian"]
[Black "Matijevic, Filip"]
[Result "1-0"]
[WhiteElo "2286"]
[BlackElo "2061"]
[PlyCount "49"]
[EventDate "2012.04.07"]
[EventType "swiss"]
[EventRounds "9"]
[Source "lmi"]
[SourceDate "2012.04.07"]

1. d4 Nf6 2. c4 g6 3. f3 d5 4. cxd5 Nxd5 5. e4 Nb6 6. Nc3 Bg7 7. Be3 O-O 8. f4
Nc6 9. d5 Na5 10. Bd4 Bg4 11. Be2 Bxe2 12. Ngxe2 c6 13. Bxg7 Kxg7 14. Qd4+ Kg8
15. O-O cxd5 16. exd5 Nac4 17. f5 Nxb2 18. f6 Nd7 19. Rab1 exf6 20. Rxb2 b6 21.
d6 Rc8 22. Nd5 Kg7 23. Ng3 Re8 24. Ne4 Re6 25. Nexf6 1-0

[Event "Karposh Open  2012"]
[Site "Skopje MKD"]
[Date "2012.04.10"]
[Round "5.30"]
[White "Nestorovic, Lazar"]
[Black "Muratet Casadevall, Albert"]
[Result "1-0"]
[WhiteElo "2374"]
[BlackElo "2185"]
[PlyCount "59"]
[EventDate "2012.04.07"]
[EventType "swiss"]
[EventRounds "9"]
[Source "lmi"]
[SourceDate "2012.04.07"]

1. e4 Nf6 2. e5 Nd5 3. d4 d6 4. Nf3 Bg4 5. Be2 e6 6. exd6 cxd6 7. O-O Be7 8. c4
Nb6 9. Nc3 O-O 10. Be3 Nc6 11. d5 exd5 12. cxd5 Bxf3 13. Bxf3 Ne5 14. Be2 f5
15. Bd4 Bf6 16. Rc1 Kh8 17. f4 Ng4 18. Bxg4 fxg4 19. f5 Rc8 20. Qxg4 Bxd4+ 21.
Qxd4 Qg5 22. h4 Qh6 23. Ne2 Rce8 24. Ng3 Re5 25. Rc7 Nxd5 26. Rxb7 Ne3 27. Rf3
Rc8 28. Kh2 Kg8 29. f6 gxf6 30. Rxe3 1-0

[Event "Karposh Open  2012"]
[Site "Skopje MKD"]
[Date "2012.04.10"]
[Round "5.31"]
[White "Stamnov, Aleksander"]
[Black "Menkinoski, Riste"]
[Result "0-1"]
[WhiteElo "2184"]
[BlackElo "2369"]
[PlyCount "38"]
[EventDate "2012.04.07"]
[EventType "swiss"]
[EventRounds "9"]
[Source "lmi"]
[SourceDate "2012.04.07"]

1. e4 c5 2. c3 d5 3. exd5 Qxd5 4. d4 Nc6 5. Nf3 Bf5 6. Na3 cxd4 7. Nb5 O-O-O 8.
cxd4 e5 9. Nc3 Bb4 10. Bd2 Bxc3 11. bxc3 exd4 12. cxd4 Nf6 13. Be2 Nxd4 14.
Rc1+ Kb8 15. Bf4+ Ka8 16. Nxd4 Qxd4 17. Qxd4 Rxd4 18. Be3 Ra4 19. O-O Rxa2 0-1